000 00588nam a2200241Ia 4500
003 OSt
005 20221005062251.0
006 a|||||r|||| 00| 0
007 ta
008 221004b |||||||| |||| 00| 0 eng d
024 _a26504
037 _cTextual
040 _aCRL
_cCRL
_beng
041 _2eng
_aeng
082 _a1, N0
100 _aLehrer Keith
245 0 _aTheory of knowledge
260 _aLondon
_bRoutledge UK
_c1990
300 _a212p
_ccm.
650 _aTHEORY OF KNOWLEDGE
942 _h1, N0
_cTEXL
_2cc
999 _c969417
_d969417